Fall of Baghdad (Record no. 247681)

000 -LEADER
fixed length control field 00218 a2200109 4500
001 - CONTROL NUMBER
control field 12608
090 ## - LOCALLY ASSIGNED LC-TYPE CALL NUMBER (OCLC); LOCAL CALL NUMBER (RLIN)
-- 9620
-- 9620
100 ## - MAIN ENTRY--PERSONAL NAME
Personal name Anderson,J.L
245 ## - TITLE STATEMENT
Title Fall of Baghdad
260 ## - PUBLICATION, DISTRIBUTION, ETC.
Name of publisher, distributor, etc. Little Brown
Date of publication, distribution, etc. 2005
300 ## - PHYSICAL DESCRIPTION
Extent x, 389 p.
942 ## - ADDED ENTRY ELEMENTS (KOHA)
Institution code [OBSOLETE] NUST-CAE
Holdings
Withdrawn status Lost status Damaged status Not for loan Collection code Permanent Location Current Location Date acquired Total Checkouts Barcode Date last seen Price effective from Koha item type
          College of Aeronautical Engineering (CAE) College of Aeronautical Engineering (CAE) 04/03/2017   CAEN-3625 04/05/2017 04/05/2017 Book
© 2023 Central Library, National University of Sciences and Technology. All Rights Reserved.